00321nam a2200121Ia 4500008004100000041000800041082001400049100002000063245004500083260002900128300003100157365001100188240624s9999 xx 000 0 und d aeng a158.3 PAR aPARKIN MARGARET aTALES FOR COACHING USING STORIES AND MET c2010aLondonbKogan Page avii, : 215 : p. : cm. ; 23 cRSb27